| 000 | 00760cam a2200253 i 4500 | ||
|---|---|---|---|
| 008 | |||
| 020 | _a0121403017 (hbk) | ||
| 049 | _aMAIN | ||
| 090 |
_aQR100 _bMIC |
||
| 245 | 0 | 0 |
_aMicrobial ecology : _ba conceptual approach / _cedited by J. M. Lynch and N. J. Poole. |
| 260 |
_aNew York : _bWiley, _c1979. |
||
| 300 |
_axiv, 266 p. : _bill. ; _c23 cm. |
||
| 500 | _a"A Halsted Press book." | ||
| 504 | _aIncludes bibliographical references. | ||
| 500 | _aIncludes index. | ||
| 650 | 0 | _aMicrobial ecology. | |
| 700 | 1 | _aLynch, James Michael. | |
| 700 | 1 | _aPoole, Nigel John. | |
| 907 |
_a.b10015875 _b24-10-12 _c17-04-03 |
||
| 003 | |||
| 005 | 20230123133541.0 | ||
| 040 | _cNUST | ||
| 942 |
_cBOOKS _kQR100 _mMIC |
||
| 999 |
_c150560 _d150560 |
||